000 00535nam a22001937a 4500
005 20240906141803.0
008 240906b |||||||| |||| 00| 0 eng d
020 _a978-93-92242-03-8
041 _aeng
082 _21st
_aM 610.01 GUP B11143
_bGUP
100 _aGupta Pooja
_9180568
245 _aTextbook of Microbiology for GNM Nursing
250 _a1st
260 _aMohali
_bVision Health Sciences
_c2021
300 _a124p
_bPb
_c24X18.5cm
365 _aRupaye
_b295.00
_cINR
521 _aMicrobiology Nursing
942 _cBK
999 _c359586
_d359586